UBT Library

MAUAL OF NEOTNAL CARE (Record no. 10739)

000 -LEADER
fixed length control field 00306nam a22001337a 4500
008 - FIXED-LENGTH DATA ELEMENTS--GENERAL INFORMATION
fixed length control field 170414b xxu||||| |||| 00| 0 eng d
020 ## - INTERNATIONAL STANDARD BOOK NUMBER
International Standard Book Number 139780781769846
041 ## - LANGUAGE CODE
Language code of text/sound track or separate title eng
080 ## - UNIVERSAL DECIMAL CLASSIFICATION NUMBER
Edition identifier 6 ED
Universal Decimal Classification number 618
100 ## - Rafti
Rafti 10
101 ## - Shkurtesa
Shkurtesa SHM
245 ## - TITLE STATEMENT
Title MAUAL OF NEOTNAL CARE
Statement of responsibility, etc CLOHERTY.J.P
942 ## - ADDED ENTRY ELEMENTS (KOHA)
Source of classification or shelving scheme
Item type Books
Holdings
Withdrawn status Lost status Source of classification or shelving scheme Damaged status Not for loan Collection code Permanent location Current location Shelving location Date acquired Total Checkouts Full call number Barcode Date last seen Price effective from Koha item type
          Koleksioni i përgjithshem UBT - Lipjan UBT - Lipjan Koleksioni i lëndeve mesimore 04/14/2017   618 CLO 002-280996 04/14/2017 04/14/2017 Books
UBT Library © 2015-2024. All rights reserved University Education for Business and Technology